| 000 | 00585nam a2200217Ii 4500 | ||
|---|---|---|---|
| 003 | JO-AjNU | ||
| 008 | 230606s9999||||xx |||||||||||||| ||und|| | ||
| 020 | _a10-292-05866-8 | ||
| 040 |
_aJO-AjNU _beng _erda _cJO-AjNU |
||
| 041 | _aeng | ||
| 050 | 1 | 4 | _aQA152.3.R38.2015 |
| 100 | 3 |
_aMcWaters,Marcus/Ratti.s.j, _eauthor _94325 |
|
| 245 | 0 | 0 | _aCollege Algebra and Trigonmetry |
| 250 | _a3 ed | ||
| 264 | 3 | 1 | _aPearson,2015 |
| 300 | _a670p | ||
| 336 |
_atext _btxt _2rdacontent |
||
| 337 |
_aunmediated _bn _2rdamedia |
||
| 338 |
_avolume _bnc _2rdacarrier |
||
| 650 | 4 |
_aAlgebra _94326 |
|
| 999 |
_aE2248 _c2246 _d2246 |
||